000 nam a22 7a 4500
999 _c9623
_d9623
008 180205b ||||| |||| 00| 0 eng d
100 _aBhanot, D P
_95751
245 _aCommunicative work book -VI
260 _aNew Delhi
_bHoly faith publication